Index ekonomickej slobody ako nástroj evaluácie kvality podnikateľského prostredia s aplikáciou na krajiny V4 a s dôrazom na digitálnu revolúciu

Index ekonomickej slobody, ktorý popri ďalších globálnych indexoch a rebríčkoch (napr. GCI, WCI, Doing Business) odzrkadľuje kvalitu podnikateľského prostredia v hodnotených národných ekonomikách. Zameranie na krajiny V4 sú z dôvodu geografickej, ekonomickej i kultúrnej blízkosti daných ekonomík i s...

Descrizione completa

Salvato in:
Dettagli Bibliografici
Autore principale: Čukanová, Miroslava, 1984-
Altri autori: Petríková, Hana, Steinhauser, Dušan, 1988-
Natura: Capitolo di libro
Lingua:slovacco
Soggetti:
Tags: Aggiungi Tag
Nessun Tag, puoi essere il primo ad aggiungerne!!

MARC

LEADER 00000nla a2200000 4500
001 0226442
005 20240531124749.2
041 0 |a slo 
044 |a SK 
245 1 0 |a Index ekonomickej slobody ako nástroj evaluácie kvality podnikateľského prostredia s aplikáciou na krajiny V4 a s dôrazom na digitálnu revolúciu  |c Miroslava Čukanová, Hana Petríková, Dušan Steinhauser 
520 |a Index ekonomickej slobody, ktorý popri ďalších globálnych indexoch a rebríčkoch (napr. GCI, WCI, Doing Business) odzrkadľuje kvalitu podnikateľského prostredia v hodnotených národných ekonomikách. Zameranie na krajiny V4 sú z dôvodu geografickej, ekonomickej i kultúrnej blízkosti daných ekonomík i spoločného procesu prechodu z centrálne plánovaných na trhovú ekonomiku. 
610 2 0 |a sloboda ekonomická 
610 2 0 |a indexy 
610 2 0 |a obchod zahraničný 
610 2 0 |a prostredie podnikateľské 
610 2 0 |a transformácia 
610 2 0 |a Vyšehradská štvorka 
100 1 |a Čukanová, Miroslava, 1984- 
700 1 |a Petríková, Hana 
700 1 |a Steinhauser, Dušan, 1988-